Gaming Quiz

Random Gaming Quiz
Score 0/56 Timer 10:00
0 Plays Today
Point Value Monster % Correct
10Vampire
91.3%
10Ghost
78.3%
25Werewolf
76.1%
25Hydra
71.7%
10Zombie
71.7%
25Great Beast
69.6%
10Goblin
69.6%
25Behemoth
67.4%
5Mummy
67.4%
5Witch
67.4%
10Ghoul
65.2%
25Tyrannosaurus Rex
63%
20Kraken
63%
15The Monster
63%
10Medusa
63%
10The Phantom
63%
15Baba Yaga
60.9%
5Invisible Man
60.9%
5Hunchback
60.9%
10Ogre
58.7%
10Gremlin
58.7%
10Vampiress
58.7%
10Mad Scientist
58.7%
5Skeleton
58.7%
15Hobgoblin
56.5%
Series 3 Bonus - 30Leviathan
56.5%
25Griffin
54.3%
15Catoblepas
54.3%
Point Value Monster % Correct
10Roc
54.3%
20Jotun Troll
52.2%
10Red Cap
52.2%
15Manticore
50%
5Charon
50%
20Cockatrice
47.8%
20Triton
47.8%
15Karnak
47.8%
15Windigo
47.8%
15Harpy
45.7%
20Cyclops
43.5%
20Tengu
43.5%
15Kali
43.5%
10Chimera
43.5%
5Spring Heeled Jack
43.5%
15Haniver
41.3%
5The Beast
41.3%
15Bigfoot
39.1%
5Winged Panther
39.1%
15Coatlicue
34.8%
Series 3 Bonus - 25Centaur
32.6%
10Cerberus
30.4%
Series 3 Bonus - 30Abominable Snowman
30.4%
Series 3 Bonus - 20Siren
30.4%
Series 3 Bonus - 20Jimmy Squarefoot
23.9%
Series 3 Bonus - 25Orobas
15.2%
Series 3 Bonus - 30Anubis
10.9%
Series 3 Bonus - 25Amphisbaena
8.7%
Remove Ads.
Support Sporcle.
Get the best of Sporcle when you Go Orange. This ad-free experience offers more features, more stats, and more fun while also helping to support Sporcle. Thank you for becoming a member.

You're not logged in!

Compare scores with friends on all Sporcle quizzes.
OR
Log In

Show Comments

Extras

Created Jul 28, 2010ReportNominate
Tags:Monster, original, pocket, point, Series

Top Quizzes Today


Score Distribution

Your Account Isn't Verified!

In order to create a playlist on Sporcle, you need to verify the email address you used during registration. Go to your Sporcle Settings to finish the process.

Report this User

Report this user for behavior that violates our Community Guidelines.

Details: